| 000 | 00640cam a2200229 a 4500 | ||
|---|---|---|---|
| 001 | 3516496 | ||
| 005 | 20180301065615.0 | ||
| 008 | 950814s1995 iauab b s001 0 eng | ||
| 010 | _a 95191346 | ||
| 020 | _a0813823722 | ||
| 040 |
_aDLC _cDLC |
||
| 041 | _aeng | ||
| 080 | _a631.45 HUD | ||
| 082 | 0 | 0 |
_a631.45 HUD _220 |
| 100 | 1 | _a9 | |
| 101 | _aMJE | ||
| 245 | 1 | 0 |
_aSoil conservation / _cNorman Hudson. |
| 504 | _aIncludes bibliographical references and index. | ||
| 906 |
_a7 _bcbc _corignew _d2 _encip _f19 _gy-gencatlg |
||
| 942 |
_2ddc _cBK |
||
| 999 |
_c43816 _d43816 |
||